| 000 | 01061nam a2200265Ia 4500 | ||
|---|---|---|---|
| 005 | 20250622124037.0 | ||
| 008 | 250617s9999||||xx |||||||||||||| ||ara|| | ||
| 017 |
_a15762 _bمصر. دار الكتب |
||
| 020 | _a9789778812435 | ||
| 082 | 0 | 4 |
_a"371,334" _bم أ |
| 100 | 0 | _aمحمد جمال | |
| 245 | 1 | 0 |
_aأساسيات استخدام الرقمنة فى التدريس : _bنحو مجتمع تعليمى رقمى / _c"إعداد محمد جمال ، سامية جمال" |
| 250 | _aط1 | ||
| 260 | 3 |
_aالقاهرة : _b"دار العلا للنشر والتوزيع," _c2025. |
|
| 300 |
_a418ص ؛ _b _c24سم. |
||
| 650 | _aالتخطيط التربوى | ||
| 650 |
_aالتعليم _x أغراضه وأهدافه |
||
| 650 |
_aالتعليم _x الرقمنة |
||
| 650 |
_aالتعليم _x الوسائل السمعية والبصرية |
||
| 650 |
_aالتعليم _x مناهج |
||
| 650 | _aتكنولوجيا التعليم | ||
| 700 | 0 |
_aسامية جمال _e معد مشارك |
|
| 942 | _cBK | ||
| 999 |
_c67676 _d67676 |
||